| 000 | 00446nam a2200169Ia 4500 | ||
|---|---|---|---|
| 003 | GCL | ||
| 008 | 140319s9999 xx 000 0 eng d | ||
| 040 |
_aGCL / _cGCL |
||
| 082 | 0 | 4 |
_a070.1 _bS R |
| 100 | 1 | _aWILSON, JOHN | |
| 245 | 1 | 0 |
_aUNDERSTANDING JOURNALISM: A GUIDE TO ISSUES / _cWILSON, JOHN |
| 260 |
_a[S.N] : _bROUTLEDGE ، _c1996 |
||
| 300 | _a304 P | ||
| 650 | 0 | 4 | _aJOURNALISM AND NEWSPAPERS |
| 650 | 0 | 4 | _aJOURNALISM |
| 942 |
_2ddc _cBK |
||
| 999 |
_c13795 _d13795 |
||